[Event "Bialystok-ch"]
[Site "Bialystok"]
[Date "2015.??.??"]
[Round "6"]
[White "Pawlak, Adam"]
[Black "Filewicz, Radoslaw"]
[Result "1-0"]
[WhiteElo "1860"]
[BlackElo "1732"]
[PlyCount "137"]
[EventDate "2015.05.01"]
[EventType "swiss"]
[EventRounds "9"]
[EventCountry "POL"]
[SourceTitle "CBM 166 Extra"]
[Source "ChessBase"]
[SourceDate "2015.06.18"]
[SourceVersion "1"]
[SourceVersionDate "2015.06.18"]
[SourceQuality "1"]

1. e4 d5 2. exd5 Qxd5 3. Nc3 Qd8 4. d4 Nf6 5. Bf4 c6 6. Bc4 Bf5 7. Nge2 e6 8. Ng3 Bg6 9. a3 Nbd7 10. Qe2 Be7 11. 0-0 0-0 12. Rfe1 Nb6 13. Bb3 Nbd5 14. Nxd5 cxd5 15. Qb5 Qc8 16. Rac1 a6 17. Qa5 b5 18. a4 Qb7 19. axb5 axb5 20. Qc7 Qxc7 21. Bxc7 Rfc8 22. Bf4 Kf8 23. f3 Ke8 24. Ne2 Bb4 25. Red1 Kd7 26. Bg3 Ne8 27. Nf4 Bf5 28. Nd3 Bxd3 29. Rxd3 Bd6 30. Be1 Bc7 31. Rdd1 Bb6 32. Bg3 Bc7 33. Be5 Bd6 34. Re1 f6 35. Bxd6 Nxd6 36. Re2 Nc4 37. Rce1 Rc6 38. Bxc4 bxc4 39. b3 Raa6 40. b4 Ra3 41. Kf2 Rb6 42. Rb1 c3 43. Ke3 Ra4 44. Kd3 Rbxb4 45. Rxb4 Rxb4 46. Kxc3 Rc4+ 47. Kd3 Kd6 48. f4 Ra4 49. Re1 Ra3+ 50. Kd2 Ra4 51. Kc3 Rc4+ 52. Kd3 Ra4 53. Rb1 Ra3+ 54. Rb3 Ra7 55. Rb6+ Kd7 56. Kc3 Rc7+ 57. Kb3 Rc6 58. Rb8 Rc7 59. c3 Kc6 60. Kb4 Kd6 61. g4 Rc4+ 62. Kb3 Rc6 63. h4 g6 64. Rd8+ Ke7 65. Rh8 Ra6 66. Rxh7+ Kf8 67. Rd7 Rb6+ 68. Kc2 Ra6 69. f5 1-0

[Event "Bialystok-ch"]
[Site "Bialystok"]
[Date "2015.??.??"]
[Round "4"]
[White "Pawlak, Adam"]
[Black "Kosakowski, Jakub"]
[Result "0-1"]
[WhiteElo "1860"]
[BlackElo "2191"]
[PlyCount "66"]
[EventDate "2015.05.01"]
[EventType "swiss"]
[EventRounds "9"]
[EventCountry "POL"]
[SourceTitle "CBM 166 Extra"]
[Source "ChessBase"]
[SourceDate "2015.06.18"]
[SourceVersion "1"]
[SourceVersionDate "2015.06.18"]
[SourceQuality "1"]

1. e4 c5 2. Nf3 d6 3. d4 cxd4 4. Nxd4 Nf6 5. Nc3 a6 6. f4 e5 7. Nf3 Nbd7 8. a4 Be7 9. Bd3 0-0 10. 0-0 exf4 11. Bxf4 Qb6+ 12. Kh1 Qxb2 13. Qd2 Qb6 14. Nd5 Nxd5 15. exd5 Bf6 16. Rab1 Qc7 17. Bg5 Be5 18. Be7 Re8 19. Bxh7+ Kxh7 20. Ng5+ Kg8 21. Rxf7 Rxe7 22. Rxe7 Qd8 23. Rf7 Bf6 24. Ne6 Qe8 25. Nc7 Qxf7 26. Nxa8 Ne5 27. Nb6 Bf5 28. a5 Qg6 29. Re1 Bxc2 30. Rc1 Be4 31. Rc8+ Kh7 32. Rc7 Nf3 33. Qd1 Nh4 0-1

[Event "Bialystok Bieluczyk Memorial 7th"]
[Site "Bialystok"]
[Date "2015.??.??"]
[Round "1"]
[White "Sazon, Adam"]
[Black "Pawlak, Adam"]
[Result "1-0"]
[WhiteElo "1601"]
[BlackElo "1862"]
[PlyCount "109"]
[EventDate "2015.06.27"]
[EventType "swiss"]
[EventRounds "9"]
[EventCountry "POL"]
[SourceTitle "CBM 167 Extra"]
[Source "ChessBase"]
[SourceDate "2015.09.14"]
[SourceVersion "1"]
[SourceVersionDate "2015.09.14"]
[SourceQuality "1"]

1. e4 c6 2. d4 d5 3. e5 Bf5 4. c3 Nd7 5. Be3 e6 6. Qb3 Qc7 7. Nd2 f6 8. f4 Be7 9. Ngf3 Nh6 10. h3 Bg6 11. Be2 Nf5 12. Bf2 fxe5 13. fxe5 h5 14. 0-0-0 h4 15. Bd3 0-0-0 16. c4 Qb6 17. c5 Qxb3 18. Nxb3 b6 19. Rhe1 Rdf8 20. cxb6 axb6 21. Re2 Kb7 22. Rc2 Bh5 23. Bxf5 Rxf5 24. Rd3 Bxf3 25. Rxf3 Rxf3 26. gxf3 Rf8 27. Rc3 Rf5 28. Kd1 g5 29. a3 Nf8 30. Nd2 Ng6 31. Be3 Nf4 32. Bxf4 gxf4 33. b4 Rg5 34. Nf1 c5 35. bxc5 bxc5 36. dxc5 Rxe5 37. Nh2 d4 38. c6+ Kc7 39. Rc4 Bc5 40. Ng4 Rf5 41. Nf2 Bxa3 42. Ne4 Rd5 43. Nf6 Rd8 44. Nd7 Bb2 45. Kc2 Bc3 46. Kd3 Rc8 47. Nc5 Kd6 48. Ne4+ Ke7 49. Nxc3 dxc3 50. Rxc3 Kd6 51. Kd4 Rxc6 52. Rxc6+ Kxc6 53. Ke5 Kc5 54. Kxe6 Kd4 55. Kf5 1-0

[Event "Bialystok-ch"]
[Site "Bialystok"]
[Date "2015.??.??"]
[Round "9"]
[White "Sazon, Adam"]
[Black "Pawlak, Adam"]
[Result "0-1"]
[WhiteElo "1635"]
[BlackElo "1860"]
[PlyCount "54"]
[EventDate "2015.05.01"]
[EventType "swiss"]
[EventRounds "9"]
[EventCountry "POL"]
[SourceTitle "CBM 166 Extra"]
[Source "ChessBase"]
[SourceDate "2015.06.18"]
[SourceVersion "1"]
[SourceVersionDate "2015.06.18"]
[SourceQuality "1"]

1. e4 c6 2. d4 d5 3. e5 Bf5 4. Nf3 e6 5. Bd3 Bxd3 6. Qxd3 c5 7. c3 Nc6 8. 0-0 Qb6 9. b3 Rc8 10. Be3 cxd4 11. cxd4 Nb4 12. Qd2 Rc2 13. Qd1 Rc6 14. Na3 Qa6 15. Nb1 Nc2 16. Nbd2 Nxa1 17. Qxa1 Bb4 18. a3 Qxa3 19. Qxa3 Bxa3 20. Ra1 Ra6 21. Nb1 Bb4 22. Rxa6 bxa6 23. Bd2 a5 24. Nc3 Kd7 25. Nxd5 exd5 26. Bxb4 axb4 27. Kf1 Nh6 0-1

[Event "Bialystok-ch"]
[Site "Bialystok"]
[Date "2015.??.??"]
[Round "7"]
[White "Widelski, Kacper"]
[Black "Pawlak, Adam"]
[Result "1-0"]
[WhiteElo "1744"]
[BlackElo "1860"]
[PlyCount "121"]
[EventDate "2015.05.01"]
[EventType "swiss"]
[EventRounds "9"]
[EventCountry "POL"]
[SourceTitle "CBM 166 Extra"]
[Source "ChessBase"]
[SourceDate "2015.06.18"]
[SourceVersion "1"]
[SourceVersionDate "2015.06.18"]
[SourceQuality "1"]

1. d4 d5 2. Nf3 Bg4 3. Ne5 Bh5 4. g4 Bg6 5. Bg2 e6 6. c3 Nd7 7. Qa4 c6 8. Nxd7 Qxd7 9. Bf4 Nf6 10. h3 Bd6 11. Bxd6 Qxd6 12. Qa3 Qc7 13. Nd2 h5 14. g5 Ne4 15. Nxe4 dxe4 16. e3 h4 17. Qb3 Qe7 18. Qc2 Qxg5 19. Bxe4 Bxe4 20. Qxe4 Qd5 21. Qxd5 exd5 22. Rg1 g6 23. Kd2 Kd7 24. Rae1 Rae8 25. f3 Re6 26. e4 dxe4 27. fxe4 Rf6 28. Ref1 Rxf1 29. Rxf1 Ke6 30. e5 Rh5 31. Rf6+ Ke7 32. Ke3 Rg5 33. Rf4 Rg3+ 34. Rf3 Rg2 35. Rf2 Rg1 36. a3 b5 37. Ke4 Re1+ 38. Kf4 Rg1 39. Ke4 Rg3 40. Rf6 Rxh3 41. Rxc6 Rh1 42. Rc8 Rf1 43. d5 f5+ 44. exf6+ Rxf6 45. Rh8 g5 46. Ke5 Rf1 47. d6+ Kd7 48. Rh7+ Kd8 49. Kd5 Rd1+ 50. Kc6 Ke8 51. d7+ Kd8 52. Rh8+ Ke7 53. Re8+ Kf6 54. d8Q+ Rxd8 55. Rxd8 h3 56. Kd5 Kf5 57. Rf8+ Kg4 58. Ke4 Kg3 59. Kf5 g4 60. Rh8 Kf3 61. Rh4 1-0

[Event "POL-chT2 U18"]
[Site "Augustow"]
[Date "1996.??.??"]
[Round "?"]
[White "Pawlak, Adam"]
[Black "Paterek, Arkadiusz"]
[Result "1/2-1/2"]
[WhiteElo "2000"]
[BlackElo "1975"]
[PlyCount "58"]
[EventDate "1996.??.??"]
[EventType "team-tourn"]
[EventRounds "10"]
[EventCountry "POL"]
[SourceTitle "EXT 2003"]
[Source "ChessBase"]
[SourceDate "2002.11.25"]
[SourceVersion "1"]
[SourceVersionDate "2002.11.25"]
[SourceQuality "1"]

1. e4 Nf6 2. Nc3 d5 3. e5 d4 4. exf6 dxc3 5. fxg7 cxd2+ 6. Qxd2 Qxd2+ 7. Bxd2 Bxg7 8. 0-0-0 Nc6 9. f4 Bg4 10. Be2 Bxe2 11. Nxe2 0-0-0 12. Bc3 Bxc3 13. Nxc3 Nd4 14. Rhe1 Rd7 15. Ne2 Rhd8 16. Nxd4 Rxd4 17. g3 Rxd1+ 18. Rxd1 Rxd1+ 19. Kxd1 h5 20. Ke2 Kd7 21. Ke3 Ke6 22. Ke4 f5+ 23. Kd4 Kd6 24. b4 b6 25. b5 Ke6 26. c3 Kd6 27. c4 e6 28. h3 Ke7 29. a4 Kd6 1/2-1/2